Datum a čas kvízu

35 Celkem bodů Celkový počet nahraných bodů na tomto kvízu bez doplňovacích otázek.
5. Pořadí na kvízu Konečné umístění týmu na tomto kvízu.

Zaznamenané odpovědi

# Otázka Odpověď Body Výsledky
1. V areálu Veterinární univerzit... C) kůň Barbie 1
2. Minulý týden jsme se dozvěděli... A) ve lžíci bagru 1
3. Od čtvrtka do soboty měly tisí... Hra o trůny/Game of Thrones 1
4. Minulý týden byl představen no... Bigster 1
5. 134. ročník Velké pardubické b... Sexy Lord, Godfrey 1
5. Kim Čong-Il, Adolf Hitler, Idi... Mercedes 1
5. Opel je součástí skupiny Group... B 1
5. Díváme se na legendární užitko... Transporter 1
5. O Ferdinandovi Porsche, zaklad... Vratislavice nad Nisou 0
5. Jak se jmenovala značka, která... Maybach 0